zpět

Detail výsledku týmu

Hostinec U Ferdinanda, Brno

Datum a čas kvízu

30 Celkem bodů Celkový počet nahraných bodů na tomto kvízu bez doplňovacích otázek.
3. Pořadí na kvízu Konečné umístění týmu na tomto kvízu.

Zaznamenané odpovědi

# Otázka Odpověď Body Výsledky
1. Minulý týden jsme sledovali po... v Turecku 1
2. Parlamentní volby v Maďarsku s... TISZA 1
3. Kterému rapperovi byl zakázán... Kanyemu Westovi 0
4. Kterému živočichovi, jenž pomá... A 0
5. Cyklistický závod Kolem Flande... A 0
6. Vaším prvním úkolem v dnešním... 1C 2A 3D 4B 0
7. Poznejte (parodii na) gangster... Někdo to rád horké (Some Like It Hot) 0
8. Bud Spencer a Terence Hill spo... v Itálii 1
9. Gangster, na kterého se ptáme,... Jabba Hutt 0
10. Uveďte jméno i příjmení postav... John Wick 0